00362pab a2200145 454500008004000000100001800040245003000058260000900088300000900097362001100106650001600117650004100133650002800174773001400202180718b2001 xxu||||| |||| 00| 0 eng d aNarayan, M.K. aSmall steps, a giant leap c2001 ap.12 a16 Jul aAgra summit aIndia - Foreign relations - Pakistan aInternational relations aAsian Age